[Event "Memorial Joan Casals"]
[Site "Maó ESP"]
[Date "2007.10.28"]
[Round "5.5"]
[White "Cubas Pons, Juan"]
[Black "Pogorelov, Ruslan"]
[Result "1/2-1/2"]
[WhiteElo "2199"]
[BlackElo "2411"]
[PlyCount "42"]
[EventDate "2007.10.25"]
[EventType "tourn"]
[EventRounds "9"]
[EventCountry "ESP"]
[EventCategory "7"]
[Source "lmi"]
[SourceDate "2007.10.25"]

1. d4 Nf6 2. c4 e6 3. Nc3 Bb4 4. f3 d5 5. a3 Bxc3+ 6. bxc3 c5 7. cxd5 exd5 8.
e3 Qc7 9. Bd2 Bf5 10. Bb5+ Nfd7 11. Ne2 a6 12. Ba4 O-O 13. Nf4 b5 14. Nxd5 Qd6
15. Bb3 c4 16. e4 cxb3 17. Bf4 Qe6 18. Nc7 Qg6 19. O-O Ra7 20. exf5 Qc6 21.
Qxb3 Rxc7 1/2-1/2

[Event "Memorial Joan Casals"]
[Site "Maó ESP"]
[Date "2007.10.29"]
[Round "6.2"]
[White "Movsziszian, Karen"]
[Black "Cubas Pons, Juan"]
[Result "1/2-1/2"]
[WhiteElo "2531"]
[BlackElo "2199"]
[PlyCount "113"]
[EventDate "2007.10.25"]
[EventType "tourn"]
[EventRounds "9"]
[EventCountry "ESP"]
[EventCategory "7"]
[Source "lmi"]
[SourceDate "2007.10.25"]

1. e4 e6 2. d3 c5 3. g3 Nc6 4. Bg2 g6 5. c3 Bg7 6. f4 d5 7. Qe2 Nge7 8. Nf3
dxe4 9. dxe4 e5 10. Na3 O-O 11. O-O Qa5 12. Be3 b6 13. Nb5 Bg4 14. a4 Rad8 15.
Qc2 Qa6 16. Nh4 Bh6 17. Rae1 f6 18. h3 Bc8 19. f5 Bxe3+ 20. Rxe3 Qb7 21. Bf3 a6
22. Na3 Kg7 23. Be2 Na7 24. g4 g5 25. Ng2 b5 26. h4 h6 27. Kf2 Bd7 28. axb5
axb5 29. Rh1 Bc6 30. Nb1 Nac8 31. Nd2 Nd6 32. Bf3 Nec8 33. Nf1 Nb6 34. Ng3 c4
35. Ree1 Nd7 36. Nh5+ Kf7 37. b4 cxb3 38. Qxb3+ Nc4 39. hxg5 fxg5 40. Re2 Nc5
41. Qc2 Qb6 42. Ne3 Nd3+ 43. Kg3 Nxe3 44. Rxe3 Qxe3 45. Qa2+ Bd5 46. exd5 Rd6
47. Ra1 Re8 48. f6 Ra8 49. Qxa8 Qf2+ 50. Kh3 Qxf3+ 51. Kh2 Qf2+ 52. Kh1 Qh4+
53. Kg2 Qxg4+ 54. Ng3 Nf4+ 55. Kf2 Nh3+ 56. Kg2 Nf4+ 57. Kf2 1/2-1/2

[Event "Memorial Joan Casals"]
[Site "Maó ESP"]
[Date "2007.10.29"]
[Round "6.3"]
[White "Glud, Jakob Vang"]
[Black "Lariño Nieto, David"]
[Result "1-0"]
[WhiteElo "2448"]
[BlackElo "2428"]
[PlyCount "73"]
[EventDate "2007.10.25"]
[EventType "tourn"]
[EventRounds "9"]
[EventCountry "ESP"]
[EventCategory "7"]
[Source "lmi"]
[SourceDate "2007.10.25"]

1. d4 Nf6 2. Nf3 e6 3. c4 c5 4. g3 cxd4 5. Nxd4 Nc6 6. Bg2 Bb4+ 7. Bd2 Qb6 8.
Nb3 a5 9. O-O Bxd2 10. Qxd2 a4 11. Nc1 O-O 12. Nd3 d5 13. Na3 Rd8 14. Rac1 Bd7
15. Rfd1 Na5 16. Qb4 Qa7 17. cxd5 Nxd5 18. Bxd5 exd5 19. Rc7 Rab8 20. Ne5 Be6
21. Rdc1 Nc4 22. Naxc4 dxc4 23. Nxc4 Qd4 24. a3 h5 25. Qc5 Qg4 26. Qe3 Rd5 27.
Ne5 Qf5 28. Nd3 Rbd8 29. R7c5 h4 30. Rxd5 Qxd5 31. Rc5 Qb3 32. gxh4 Bd5 33. f3
Bc4 34. Qe7 Rf8 35. Nf4 f6 36. Ng6 Rf7 37. Qd8+ 1-0

[Event "Memorial Joan Casals"]
[Site "Maó ESP"]
[Date "2007.10.29"]
[Round "6.4"]
[White "Cantero, Antonio"]
[Black "Giaccio, Alfredo"]
[Result "0-1"]
[WhiteElo "2246"]
[BlackElo "2476"]
[PlyCount "88"]
[EventDate "2007.10.25"]
[EventType "tourn"]
[EventRounds "9"]
[EventCountry "ESP"]
[EventCategory "7"]
[Source "lmi"]
[SourceDate "2007.10.25"]

1. e4 c5 2. Nf3 a6 3. d4 cxd4 4. Nxd4 Nf6 5. Nc3 e5 6. Nb3 Bb4 7. Bg5 h6 8. Bd2
O-O 9. Bd3 Re8 10. Qe2 Nc6 11. O-O-O d6 12. h4 b5 13. h5 Nd4 14. Nxd4 exd4 15.
Nb1 Nd5 16. Qf3 Bxd2+ 17. Nxd2 Nb4 18. a3 Nc6 19. Qg3 Rb8 20. f4 a5 21. b3 Qb6
22. f5 f6 23. Qxd6 Rd8 24. Qf4 Qc5 25. Nb1 Ne5 26. Rh3 Bd7 27. Rg3 Kf8 28. Qd2
Qc7 29. Qf2 Be8 30. Rh3 Bf7 31. Kd2 Rbc8 32. Qe2 Nxd3 33. Qxd3 Qf4+ 34. Ke1 Re8
35. Nd2 Rc3 36. Qxd4 Rxh3 37. gxh3 Bxh5 38. Rc1 Qxf5 39. b4 Qxh3 40. Nb3 Qg2
41. Qc5+ Kg8 42. Qxh5 Rxe4+ 43. Kd1 Qg1+ 44. Kd2 Qe3+ 0-1

[Event "Memorial Joan Casals"]
[Site "Maó ESP"]
[Date "2007.10.29"]
[Round "6.5"]
[White "Bolado Saez, Sergio"]
[Black "Mirzoev, Azer"]
[Result "1/2-1/2"]
[WhiteElo "2379"]
[BlackElo "2545"]
[PlyCount "22"]
[EventDate "2007.10.25"]
[EventType "tourn"]
[EventRounds "9"]
[EventCountry "ESP"]
[EventCategory "7"]
[Source "lmi"]
[SourceDate "2007.10.25"]

1. e4 c5 2. Nf3 g6 3. d4 Bg7 4. Nc3 cxd4 5. Nxd4 Nc6 6. Be3 Nf6 7. Bc4 Qa5 8.
O-O O-O 9. Nb3 Qd8 10. f4 d6 11. Kh1 a5 1/2-1/2

[Event "Memorial Joan Casals"]
[Site "Maó ESP"]
[Date "2007.10.30"]
[Round "7.2"]
[White "Giaccio, Alfredo"]
[Black "Bolado Saez, Sergio"]
[Result "1-0"]
[WhiteElo "2476"]
[BlackElo "2379"]
[PlyCount "55"]
[EventDate "2007.10.25"]
[EventType "tourn"]
[EventRounds "9"]
[EventCountry "ESP"]
[EventCategory "7"]
[Source "lmi"]
[SourceDate "2007.10.25"]

1. e4 c5 2. Nf3 d6 3. d4 cxd4 4. Nxd4 Nf6 5. f3 a6 6. c4 e6 7. Nc3 Be7 8. Be3
O-O 9. Be2 Nbd7 10. Nc2 Qc7 11. Rc1 b6 12. O-O Bb7 13. Qd2 Rad8 14. Rfd1 Rfe8
15. Bf1 Bf8 16. Qf2 Ba8 17. Kh1 h5 18. a3 Be7 19. Nd4 h4 20. b4 Qb7 21. Qxh4 d5
22. cxd5 exd5 23. Nf5 dxe4 24. Nxe4 Nxe4 25. Nxe7+ Kf8 26. Nc6 Nef6 27. Qh8+
Ng8 28. Bd4 1-0

[Event "Memorial Joan Casals"]
[Site "Maó ESP"]
[Date "2007.10.30"]
[Round "7.3"]
[White "Lariño Nieto, David"]
[Black "Cantero, Antonio"]
[Result "0-1"]
[WhiteElo "2428"]
[BlackElo "2246"]
[PlyCount "82"]
[EventDate "2007.10.25"]
[EventType "tourn"]
[EventRounds "9"]
[EventCountry "ESP"]
[EventCategory "7"]
[Source "lmi"]
[SourceDate "2007.10.25"]

1. e4 e5 2. Nf3 Nc6 3. Nc3 Nf6 4. g3 Bc5 5. Bg2 d6 6. d3 a6 7. O-O O-O 8. Be3
Bxe3 9. fxe3 Ne7 10. Nh4 Ng4 11. Qd2 Nh6 12. Rf2 c6 13. Raf1 f6 14. Nf5 Nexf5
15. exf5 d5 16. d4 e4 17. Ne2 Ng4 18. Rf4 g5 19. Rxg4 h5 20. Rxe4 dxe4 21. Bxe4
Qe7 22. Bd3 b5 23. h4 c5 24. c3 c4 25. Bc2 Bb7 26. hxg5 Rae8 27. e4 Bxe4 28.
Nf4 Bxc2 29. Qxc2 Qe3+ 30. Qf2 fxg5 31. Nd5 Qe4 32. Qf3 Qxf3 33. Rxf3 Re2 34.
f6 Rxb2 35. Rf5 Kf7 36. a3 Ra2 37. Kf1 h4 38. gxh4 gxh4 39. Rh5 Ke6 40. Re5+
Kd6 41. Rf5 h3 0-1

[Event "Memorial Joan Casals"]
[Site "Maó ESP"]
[Date "2007.10.30"]
[Round "7.4"]
[White "Cubas Pons, Juan"]
[Black "Glud, Jakob Vang"]
[Result "0-1"]
[WhiteElo "2199"]
[BlackElo "2448"]
[PlyCount "74"]
[EventDate "2007.10.25"]
[EventType "tourn"]
[EventRounds "9"]
[EventCountry "ESP"]
[EventCategory "7"]
[Source "lmi"]
[SourceDate "2007.10.25"]

1. d4 d5 2. c4 c6 3. Nf3 Nf6 4. Nc3 a6 5. e3 b5 6. c5 Bg4 7. h3 Bh5 8. b4 Nbd7
9. Be2 e6 10. a4 Be7 11. O-O O-O 12. Bd2 Ne4 13. Nxe4 dxe4 14. Ne5 Bxe2 15.
Qxe2 Qc7 16. Nxd7 Qxd7 17. Ra3 Rad8 18. axb5 axb5 19. Rfa1 Qd5 20. Bc3 Rd7 21.
Ra6 Rc8 22. R1a3 h5 23. Ra7 Rdc7 24. Rxc7 Rxc7 25. Ra8+ Kh7 26. Qc2 Bg5 27. Qb1
f5 28. Qd1 Kg6 29. g3 Bh6 30. Qa1 h4 31. gxh4 f4 32. exf4 Rf7 33. Qa2 Bxf4 34.
Bd2 Bh2+ 35. Kxh2 Rxf2+ 36. Kg3 Rf3+ 37. Kg2 Qf5 0-1

[Event "Memorial Joan Casals"]
[Site "Maó ESP"]
[Date "2007.10.30"]
[Round "7.5"]
[White "Pogorelov, Ruslan"]
[Black "Movsziszian, Karen"]
[Result "1-0"]
[WhiteElo "2411"]
[BlackElo "2531"]
[PlyCount "43"]
[EventDate "2007.10.25"]
[EventType "tourn"]
[EventRounds "9"]
[EventCountry "ESP"]
[EventCategory "7"]
[Source "lmi"]
[SourceDate "2007.10.25"]

1. d4 d6 2. Nf3 g6 3. c4 f5 4. g3 Bg7 5. Bg2 Nf6 6. O-O O-O 7. Nc3 Qe8 8. Nd5
Nxd5 9. cxd5 h6 10. Qb3 Qf7 11. Bd2 c6 12. dxc6 bxc6 13. Rfc1 Ba6 14. e3 Rc8
15. Ne1 Qxb3 16. axb3 Bb7 17. Nd3 a6 18. Rc2 Kf7 19. Rac1 Ke8 20. b4 a5 21. b5
Kd7 22. Bf3 1-0

[Event "Memorial Joan Casals"]
[Site "Maó ESP"]
[Date "2007.10.31"]
[Round "8.2"]
[White "Glud, Jakob Vang"]
[Black "Pogorelov, Ruslan"]
[Result "1/2-1/2"]
[WhiteElo "2448"]
[BlackElo "2411"]
[PlyCount "119"]
[EventDate "2007.10.25"]
[EventType "tourn"]
[EventRounds "9"]
[EventCountry "ESP"]
[EventCategory "7"]
[Source "lmi"]
[SourceDate "2007.10.25"]

1. c4 Nf6 2. g3 e6 3. Bg2 d5 4. Nf3 dxc4 5. Qa4+ c6 6. Qxc4 b5 7. Qc2 Bb7 8. a4
a6 9. Nc3 Nbd7 10. O-O Rc8 11. d4 b4 12. Ne4 c5 13. Nxf6+ Nxf6 14. Bg5 cxd4 15.
Qd3 Be7 16. Rfd1 Qb6 17. a5 Qa7 18. Qxd4 Qxd4 19. Rxd4 Bc5 20. Bxf6 gxf6 21.
Rd2 Ke7 22. Ne1 Bxg2 23. Kxg2 Bd6 24. Nd3 Rc6 25. Ra4 Rb8 26. Kf3 Rb5 27. e3 f5
28. Ke2 Kf6 29. Kd1 b3 30. Nc1 Bc7 31. Ra3 Rxa5 32. Rxb3 Ra1 33. Rc2 Rxc2 34.
Kxc2 Ra5 35. Nd3 Rb5 36. Rc3 Be5 37. Rc5 Bb8 38. Rc6 a5 39. Rc5 Rxc5+ 40. Nxc5
Kg5 41. h3 e5 42. Kd3 f4 43. Ne4+ Kg6 44. exf4 exf4 45. g4 f5 46. Nd2 a4 47.
Nc4 Bc7 48. Ke2 fxg4 49. hxg4 Kf6 50. Kd3 Be5 51. Nb6 Bxb2 52. Nxa4 Bc1 53. Nc3
Kg5 54. f3 h5 55. Ne4+ Kg6 56. Nf2 hxg4 57. fxg4 Kg5 58. Ke4 Be3 59. Nh3+ Kxg4
60. Nxf4 1/2-1/2

[Event "Memorial Joan Casals"]
[Site "Maó ESP"]
[Date "2007.10.31"]
[Round "8.4"]
[White "Bolado Saez, Sergio"]
[Black "Lariño Nieto, David"]
[Result "1-0"]
[WhiteElo "2428"]
[BlackElo "2379"]
[PlyCount "37"]
[EventDate "2007.10.25"]
[EventType "tourn"]
[EventRounds "9"]
[EventCountry "ESP"]
[EventCategory "7"]
[Source "lmi"]
[SourceDate "2007.10.25"]

1. e4 e5 2. Nf3 Nc6 3. Bb5 Nd4 4. Nxd4 exd4 5. O-O c6 6. Bc4 Nf6 7. Qe2 d6 8.
c3 Be7 9. Re1 O-O 10. cxd4 d5 11. exd5 cxd5 12. Bb3 Bd6 13. d3 Bf5 14. Nc3 Re8
15. Be3 Ng4 16. g3 Bb4 17. Qf3 Nxe3 18. Rxe3 Rxe3 19. fxe3 1-0

[Event "Memorial Joan Casals"]
[Site "Maó ESP"]
[Date "2007.10.31"]
[Round "8.5"]
[White "Mirzoev, Azer"]
[Black "Giaccio, Alfredo"]
[Result "1/2-1/2"]
[WhiteElo "2545"]
[BlackElo "2479"]
[PlyCount "25"]
[EventDate "2007.10.25"]
[EventType "tourn"]
[EventRounds "9"]
[EventCountry "ESP"]
[EventCategory "7"]
[Source "lmi"]
[SourceDate "2007.10.25"]

1. g3 d5 2. Bg2 g6 3. d4 Bg7 4. Nf3 Nf6 5. O-O O-O 6. c3 c6 7. Nbd2 Nbd7 8. Re1
Re8 9. e4 Nxe4 10. Nxe4 dxe4 11. Rxe4 c5 12. Re1 cxd4 13. Nxd4 1/2-1/2

[Event "Memorial Joan Casals"]
[Site "Maó ESP"]
[Date "2007.11.01"]
[Round "9.1"]
[White "Giaccio, Alfredo"]
[Black "Huerga Leache, Mikel"]
[Result "1/2-1/2"]
[WhiteElo "2476"]
[BlackElo "2440"]
[PlyCount "71"]
[EventDate "2007.10.25"]
[EventType "tourn"]
[EventRounds "9"]
[EventCountry "ESP"]
[EventCategory "7"]
[Source "lmi"]
[SourceDate "2007.10.25"]

1. e4 c5 2. Nf3 Nc6 3. Nc3 Nf6 4. Bb5 g6 5. h3 Bg7 6. e5 Ng8 7. Bxc6 dxc6 8. d3
Nh6 9. g4 Nxg4 10. hxg4 Bxg4 11. Qe2 Qd7 12. Qe4 Bxf3 13. Qxf3 Bxe5 14. Be3 b6
15. O-O-O Bxc3 16. bxc3 Qd5 17. Rh3 Qxf3 18. Rxf3 f6 19. d4 cxd4 20. cxd4 Kf7
21. c3 Rhd8 22. Kc2 Rd5 23. c4 Ra5 24. Kb3 Rh5 25. Bd2 Rd8 26. Bc3 b5 27. Re1
c5 28. dxc5 Rxc5 29. Bb4 bxc4+ 30. Kc2 Rc7 31. Ba5 Rd3 32. Rxd3 cxd3+ 33. Kxd3
Rb7 34. Re2 h5 35. Rc2 g5 36. f3 1/2-1/2

[Event "Memorial Joan Casals"]
[Site "Maó ESP"]
[Date "2007.11.01"]
[Round "9.2"]
[White "Lariño Nieto, David"]
[Black "Mirzoev, Azer"]
[Result "0-1"]
[WhiteElo "2428"]
[BlackElo "2545"]
[PlyCount "62"]
[EventDate "2007.10.25"]
[EventType "tourn"]
[EventRounds "9"]
[EventCountry "ESP"]
[EventCategory "7"]
[Source "lmi"]
[SourceDate "2007.10.25"]

1. e4 e6 2. d4 d5 3. Nd2 dxe4 4. Nxe4 Bd7 5. Nf3 Bc6 6. Bd3 Nd7 7. Qe2 Ngf6 8.
Neg5 Qe7 9. Ne5 Nxe5 10. dxe5 Nd7 11. Nxh7 Bxg2 12. Rg1 Bc6 13. Bd2 O-O-O 14.
b4 Nxe5 15. Qxe5 Rxd3 16. cxd3 Rxh7 17. Rg4 Qd6 18. Qe3 Rxh2 19. O-O-O b6 20.
Kb1 Bd5 21. Rc1 Kb7 22. d4 f6 23. Qe2 g5 24. a4 a6 25. Rgg1 Rh3 26. Bc3 Qd7 27.
a5 Bxb4 28. Rg3 Rxg3 29. fxg3 Bd6 30. axb6 cxb6 31. g4 f5 0-1

[Event "Memorial Joan Casals"]
[Site "Maó ESP"]
[Date "2007.11.01"]
[Round "9.3"]
[White "Cubas Pons, Juan"]
[Black "Bolado Saez, Sergio"]
[Result "1/2-1/2"]
[WhiteElo "2199"]
[BlackElo "2379"]
[PlyCount "118"]
[EventDate "2007.10.25"]
[EventType "tourn"]
[EventRounds "9"]
[EventCountry "ESP"]
[EventCategory "7"]
[Source "lmi"]
[SourceDate "2007.10.25"]

1. d4 Nf6 2. Nf3 d6 3. Bg5 Nbd7 4. Nbd2 h6 5. Bh4 e5 6. e4 Be7 7. c3 exd4 8.
Bxf6 Nxf6 9. cxd4 d5 10. e5 Ne4 11. Bd3 Nxd2 12. Nxd2 Be6 13. O-O Qd7 14. Rc1
c6 15. Qc2 Rc8 16. f4 f5 17. Qa4 O-O 18. b4 b5 19. Qb3 a5 20. a3 Ra8 21. Qc3
Rfc8 22. Nb3 axb4 23. axb4 Ra3 24. Ra1 Qa7 25. Rfc1 Qa4 26. Rxa3 Qxa3 27. Qc2
g6 28. g4 Kh8 29. Kh1 Rf8 30. gxf5 Bxf5 31. Bxf5 Rxf5 32. Rg1 Qxb4 33. Rxg6
Qe1+ 34. Kg2 Qe4+ 35. Qxe4 dxe4 36. Kg3 e3 37. Rxh6+ Kg7 38. Rxc6 Bg5 39. Nc5
Bxf4+ 40. Kg4 e2 41. Nd3 Rf8 42. Rc2 Be3 43. d5 Rf4+ 44. Kg3 Rd4 45. Ne1 Bf4+
46. Kf3 Bxe5 47. Rxe2 Kf6 48. Nc2 Rxd5 49. Ne3 Rd3 50. Rc2 Ke6 51. Rc6+ Bd6 52.
Ke4 Rd2 53. Nf5 b4 54. Rxd6+ Rxd6 55. Nxd6 Kxd6 56. Kd4 Ke6 57. Kc4 Kf5 58.
Kxb4 Kg4 59. Kc4 Kh3 1/2-1/2

[Event "Memorial Joan Casals"]
[Site "Maó ESP"]
[Date "2007.11.01"]
[Round "9.4"]
[White "Pogorelov, Ruslan"]
[Black "Cantero, Antonio"]
[Result "1-0"]
[WhiteElo "2411"]
[BlackElo "2246"]
[PlyCount "89"]
[EventDate "2007.10.25"]
[EventType "tourn"]
[EventRounds "9"]
[EventCountry "ESP"]
[EventCategory "7"]
[Source "lmi"]
[SourceDate "2007.10.25"]

1. Nf3 d5 2. d4 Nf6 3. c4 e6 4. Nc3 Bb4 5. cxd5 exd5 6. Bg5 O-O 7. Qc2 Nbd7 8.
a3 Bxc3+ 9. Qxc3 h6 10. Bh4 c6 11. e3 g5 12. Bg3 Ne4 13. Qc2 h5 14. Nd2 Re8 15.
Nxe4 dxe4 16. h4 g4 17. O-O-O Nb6 18. Be5 Qd5 19. Be2 Be6 20. f3 f5 21. Rhf1
Qb3 22. Qxb3 Bxb3 23. fxe4 Bxd1 24. Kxd1 fxe4 25. Rf5 Nd5 26. Kd2 Re6 27. Rxh5
Rf8 28. Rh8+ Kf7 29. Bxg4 Rxh8 30. Bxe6+ Kxe6 31. Bxh8 Kf5 32. Be5 Kg4 33. g3
Kf3 34. Bf4 Nf6 35. d5 cxd5 36. Kc3 Kg4 37. Be5 Nd7 38. Kd4 Kf5 39. Bg7 Ke6 40.
h5 Nb6 41. h6 Kf7 42. b3 Kg6 43. g4 Kh7 44. g5 Kg6 45. Bf6 1-0